000 00569nam a22001697a 4500
003 NUST
038 _aNusrat Nadeem
082 _a200
100 _aAnwar, Mahin
_9125385
245 _aAnalyzing Climate Change Framing in Pakistani Print Media: A Study of PTI's Climate Change Initiatives/
_cMahin Anwar,
264 _aIslamabad;
_bS3H NUST;
_c2024.
300 _a83,p;
_bill;
_c30,cm.
650 _aMS- Mass Communication
_9114380
700 _aSupervisor: Dr. Ume Laila
_9120249
856 _u http://10.250.8.41:8080/xmlui/handle/123456789/45930
942 _2ddc
_cSC
999 _c611138
_d611138